| 000 -ლიდერი |
| ფიქსირებული სიგრძის საკონტროლო ველი |
02082nam a22002657a 4500 |
| 003 - საკონტროლო ნომრის იდენტიფიკატორი |
| საკონტროლო ველი |
Ge_BSU |
| 005 - ბოლო ოპერაციის თარიღი და დრო |
| საკონტროლო ველი |
20230620151544.0 |
| 008 - ფიქსირებული სიგრძის მონაცემთა ელემენტები - ზოგადი ინფორმაცია |
| ფიქსირებული სიგრძის საკონტროლო ველი |
230620b xxu||||| |||| 00| 0 geo d |
| 020 ## - წიგნის საერთაშორისო სტანდარტული ნომერი |
| International Standard Book Number |
9789994069200 |
| 041 ## - ენის კოდი |
| Language code of text/sound track or separate title |
geo |
| 080 ## - უნივერსალური ათობითი კლასიფიკაციის ინდექსი |
| Universal Decimal Classification number |
634.8(479.22)(09) რ-94 |
| 100 ## - მთავარი ჩანაწერი - პიროვნების სახელი |
| Personal name |
რუსიშვილი, ნანა |
| 9 (RLIN) |
18824 |
| 245 ## - ცნობა სათაურის შესახებ |
| Title |
ვაზის კულტურა საქართველოში პალეოეთნობოტანიკური მონაცემების საფუძველზე = Культура виноградной лозы в Грузии. Результаты палеоэтноботанических исследований = Grapevine Culture in Georgia on Basis of Palaeobotanical Data / |
| Statement of responsibility, etc |
ნანა რუსიშვილი ; [წინასიტყვ. მაია ხაბურზანია ; მთარგმნ. ირაკლი თოდრია ; რედ. აზა მდინარაძე ; ფოტ. ვლადიმერ კორჟი]. |
| 264 ## - წარმოების, გამოცემის, დისტრიბუციის და სხვა ცნობები |
| გამოცემის, წარმოების, დისტრიბუციის... ადგილი |
თბილისი : |
| გამოცემის, წარმოების, დისტრიბუციის... სახელწოდება |
მთენი, |
| გამოცემის, წარმოების, დისტრიბუციის... თარიღი |
2007. |
| 300 ## - ფიზიკური აღწერა |
| Extent |
38 გვ. : |
| Other physical details |
ილ. ; |
| Dimensions |
20 სმ. |
| 490 ## - სერიის ცნობა |
| Series statement |
საქართველო - ღვინის სამშობლო / პროექტის ავტ. ზვიად ბეგლარიშვილი |
| 500 ## - ზოგადი შენიშვნა |
| General note |
თავფ., ტექსტი და რეზ. ქართ., რუს. და ინგლ. ენ |
| 504 ## - BIBLIOGRAPHY, ETC. NOTE |
| Bibliography, etc |
ბიბლიოგრ.: გვ. 37. |
| 653 ## - INDEX TERM--UNCONTROLLED |
| Uncontrolled term |
მევენახეობის ისტორია საქართველოში |
| 653 ## - INDEX TERM--UNCONTROLLED |
| Uncontrolled term |
მეღვინეობის ისტორია საქართველოში |
| 700 ## - ADDED ENTRY--PERSONAL NAME |
| Personal name |
ხაბურზანია, მაია |
| Relator term |
წინასიტყვაობის ავტორი |
| 9 (RLIN) |
18825 |
| 700 ## - ADDED ENTRY--PERSONAL NAME |
| Personal name |
თოდრია, ირაკლი |
| Relator term |
მთარგმნელი |
| 9 (RLIN) |
6428 |
| 700 ## - ADDED ENTRY--PERSONAL NAME |
| Personal name |
მდინარაძე, აზა |
| Relator term |
რედაქტორი |
| 9 (RLIN) |
18826 |
| 942 ## - ADDED ENTRY ELEMENTS (KOHA) |
| Source of classification or shelving scheme |
|
| Koha item type |
წიგნი |